[Event "Sparkassen-Open A"]
[Site "Heusenstamm, Martinsee"]
[Date "2024.11.23"]
[Round "5.55"]
[White "Pradeep, Harshill"]
[Black "Aktürk, Mustafa Deniz"]
[Result "0-1"]
[WhiteElo "1894"]
[BlackElo "1888"]
[PlyCount "148"]
[EventDate "2024.11.21"]
[WhiteTeam "SK Bickenbach"]
[BlackTeam "Sfr.Mainz 1928"]

1. e4 c5 2. Nc3 e6 3. f4 Nc6 4. Nf3 a6 5. a4 Nge7 6. d3 d5 7. g3 b6 8. Bg2 Bb7 9. O-O dxe4 10. dxe4 Qxd1 11. Rxd1 Nb4 12. Ne1 Nec6 13. Ne2 Nd4 14. Nxd4 cxd4 15. Bd2 Rd8 16. c3 dxc3 17. Bxc3 Bc5+ 18. Kh1 O-O 19. Bxb4 Bxb4 20. Nd3 Rd4 21. Ne5 Rfd8 22. Rxd4 Rxd4 23. Rc1 Bc5 24. Nc4 a5 25. e5 Ba6 26. Bf1 h6 27. h4 h5 28. b3 Kh7 29. Kh2 Kg6 30. Rc3 Rd1 31. Be2 Re1 32. Rc2 Bb7 33. g4 Rh1+ 34. Kg3 Rg1+ 35. Kh3 hxg4+ 36. Bxg4 Be4 37. Rd2 Rf1 38. Kg3 Rg1+ 39. Kh3 Rh1+ 40. Kg3 Be7 41. h5+ Kh7 42. Rh2 Ra1 43. Kh3 Bd3 44. Ne3 Bc5 45. Rd2 Be4 46. Nc4 Rh1+ 47. Kg3 Bb4 48. Rh2 Be1+ 49. Kh3 Rg1 50. Re2 Bd3 51. Re3 Bf1+ 52. Kh2 Rg2+ 53. Kh1 Rxg4 54. Rxe1 Bxc4 55. bxc4 Rxf4 56. Rc1 Rh4+ 57. Kg2 Rxh5 58. c5 bxc5 59. Rxc5 Kg6 60. Rxa5 Rh4 61. Ra7 Re4 62. Ra5 Kf5 63. Ra7 f6 64. exf6 gxf6 65. a5 Ra4 66. a6 Ra3 67. Ra8 Kf4 68. a7 Ra2+ 69. Kg1 e5 70. Rf8 Rxa7 71. Rxf6+ Ke3 72. Kg2 e4 73. Rf2 Ra1 74. Rb2 Rd1 0-1

[Event "Sparkassen-Open A"]
[Site "Heusenstamm, Martinsee"]
[Date "2024.11.23"]
[Round "5.56"]
[White "Berberich, Christoph"]
[Black "Marcziter, Alex"]
[Result "0-1"]
[WhiteElo "1892"]
[BlackElo "1988"]
[PlyCount "86"]
[EventDate "2024.11.21"]
[WhiteTeam "SK Freiburg-Zähringen 1887 e.V."]
[BlackTeam "Schachgemeinschaft Porz e. V."]

1. Nf3 Nf6 2. e3 g6 3. c4 Bg7 4. d4 O-O 5. Nc3 d6 6. Be2 c5 7. d5 e6 8. O-O Na6 9. Nd2 Nc7 10. e4 Rb8 11. a4 b6 12. Kh1 a6 13. dxe6 fxe6 14. e5 Nfe8 15. exd6 Nxd6 16. Nde4 Nf5 17. Qxd8 Rxd8 18. Bg5 Rf8 19. Rad1 Nd4 20. Bd3 Ne8 21. Kg1 Bb7 22. Rfe1 Rf7 23. Bc1 Rd7 24. a5 Nb3 25. Be3 Nxa5 26. Be2 Rbd8 27. Rxd7 Rxd7 28. Bg4 Nc7 29. Ng5 Nxc4 30. Nxe6 Nxe3 31. Rxe3 Bxc3 32. Rxc3 Re7 33. Re3 Nxe6 34. Bxe6+ Kg7 35. g3 Kf6 36. Bg8 Rxe3 37. fxe3 Be4 38. Kf2 h6 39. h4 Ke5 40. Bh7 b5 41. Ke2 a5 42. Kd2 Bf5 43. Ke2 Kf6 0-1

[Event "Sparkassen-Open A"]
[Site "Heusenstamm, Martinsee"]
[Date "2024.11.23"]
[Round "5.57"]
[White "Büse, Ralf"]
[Black "Stichter, Constantin Paul"]
[Result "0-1"]
[WhiteElo "1889"]
[BlackElo "1965"]
[PlyCount "74"]
[EventDate "2024.11.21"]
[WhiteTeam "SC Ladja Roßdorf"]
[BlackTeam "SG Traunstein/Traunreut e.V."]

1. d4 Nf6 2. Bf4 e6 3. e3 b6 4. Nf3 Bb7 5. Nbd2 c5 6. c3 Nc6 7. h3 Be7 8. Be2 d6 9. O-O O-O 10. Bh2 Qd7 11. a4 Rfe8 12. Nc4 Ne4 13. Qc2 f5 14. Bd3 Rac8 15. Qb1 Red8 16. Rd1 Bf6 17. Qa2 Qe7 18. Rac1 Kh8 19. Qb1 Ba8 20. Qa2 Qf8 21. Qb1 Be7 22. Qa2 Qf7 23. Rf1 Qg6 24. Rcd1 Na5 25. Nxa5 Nxc3 26. bxc3 Bxf3 27. Bg3 Bxd1 28. Nb7 Bh5 29. Nxd8 Rxd8 30. a5 e5 31. axb6 axb6 32. Qa7 Qg5 33. Kh1 Bf6 34. Qxb6 f4 35. exf4 exf4 36. Bh2 f3 37. Be4 Qxg2# 0-1

[Event "Sparkassen-Open A"]
[Site "Heusenstamm, Martinsee"]
[Date "2024.11.23"]
[Round "5.58"]
[White "Winand, Edgar"]
[Black "Vranckx, Oscar"]
[Result "0-1"]
[WhiteElo "1878"]
[BlackElo "2025"]
[PlyCount "93"]
[EventDate "2024.11.21"]
[WhiteTeam "SF Frankfurt 1921"]
[BlackTeam "Sfr.Mainz 1928"]

1. g4 e6 2. Bg2 d5 3. d3 Bd6 4. Nc3 Ne7 5. e4 c6 6. h4 Ng6 7. h5 Nf4 8. Bxf4 Bxf4 9. Qf3 Be5 10. Nge2 h6 11. d4 dxe4 12. Qxe4 Bd6 13. f4 Nd7 14. Bf3 Nb6 15. a3 Bd7 16. b3 Qe7 17. a4 Bb4 18. Kf2 a5 19. Qd3 O-O-O 20. Rad1 Be8 21. Ne4 g6 22. c3 Ba3 23. hxg6 fxg6 24. g5 Bf7 25. Nf6 Nd5 26. Bxd5 exd5 27. Ng3 Qc7 28. Qf3 Bd6 29. Qg4+ Kb8 30. Kf3 Be7 31. f5 Bxf6 32. gxf6 g5 33. Nh5 Rd6 34. Rde1 Bxh5 35. Qxh5 Rxf6 36. Re5 Rhf8 37. Kg4 Ka7 38. Qh2 Rh8 39. Qc2 c5 40. Qf2 Qd6 41. Qe3 h5+ 42. Rxh5 Rxh5 43. dxc5 Rh4+ 44. Kxg5 Rxf5+ 45. Kxh4 Qf6+ 46. Kh3 Rxe5 47. c6+ 0-1

[Event "Sparkassen-Open A"]
[Site "Heusenstamm, Martinsee"]
[Date "2024.11.23"]
[Round "5.59"]
[White "Leibbrand, Udo"]
[Black "Karaissaridis, Christos"]
[Result "1-0"]
[WhiteElo "2024"]
[BlackElo "1911"]
[PlyCount "71"]
[EventDate "2024.11.21"]
[WhiteTeam "SC Pforzheim 1906"]
[BlackTeam "SK 1947 Sandhausen e.V."]

1. c4 Nf6 2. Nf3 g6 3. g3 Bg7 4. Bg2 O-O 5. d4 d6 6. O-O Nc6 7. Nc3 e5 8. h3 exd4 9. Nxd4 Nxd4 10. Qxd4 Be6 11. Bxb7 Nd5 12. Qd3 Nxc3 13. bxc3 Bxh3 14. Bg2 Bxg2 15. Kxg2 Rb8 16. Be3 Rb2 17. Rfb1 Qa8+ 18. f3 Rfb8 19. Rxb2 Rxb2 20. Rb1 Rxa2 21. c5 h5 22. Kf2 d5 23. c4 dxc4 24. Qxc4 Rb2 25. Rxb2 Bxb2 26. Qb5 Bc3 27. Qa6 c6 28. Qa3 Be5 29. f4 Bf6 30. Qa6 Kf8 31. Kf3 Ke8 32. Bf2 Kd7 33. Qa2 Ke8 34. Qa6 Kd8 35. Be1 Bd4 36. Qd3 1-0

[Event "Sparkassen-Open A"]
[Site "Heusenstamm, Martinsee"]
[Date "2024.11.23"]
[Round "5.60"]
[White "Steigleder, Maximilian"]
[Black "Schröder, Jürgen"]
[Result "0-1"]
[WhiteElo "1873"]
[BlackElo "2020"]
[PlyCount "110"]
[EventDate "2024.11.21"]
[WhiteTeam "Sfr.1932 Kelkheim"]
[BlackTeam "SC Matt im Park Ffm"]

1. e4 g6 2. h4 d5 3. exd5 Nf6 4. Bb5+ Bd7 5. Bc4 Bf5 6. Nc3 Nbd7 7. d4 Nb6 8. Bb3 Nbxd5 9. Nxd5 Nxd5 10. Qf3 c6 11. g4 Be6 12. h5 gxh5 13. Rxh5 Qd7 14. Rh4 O-O-O 15. c4 Nb6 16. d5 cxd5 17. Bf4 dxc4 18. Qc3 Rg8 19. Qa5 Bd5 20. Qxa7 Qe6+ 21. Be3 cxb3 22. Rc1+ Kd7 23. Qxb6 Qxb6 24. Bxb6 bxa2 25. Bxd8 Kxd8 26. f3 Bg7 27. Rh2 Kd7 28. Rd2 e6 29. Ra1 Ra8 30. Ne2 Ra3 31. f4 Ke7 32. f5 Ra4 33. g5 Be5 34. Kf2 Rb4 35. Rxd5 exd5 36. Rxa2 Rxb2 37. Ra5 Kd6 38. Kf3 Rb3+ 39. Kg4 Re3 40. Nc1 d4 41. Ra8 Kd5 42. Rf8 d3 43. Nxd3 Rxd3 44. Rxf7 b5 45. Rxh7 Rg3+ 46. Kh4 Rf3 47. Rf7 b4 48. f6 b3 49. Rb7 b2 50. Kh5 Rf1 51. Kg6 b1=Q+ 52. Rxb1 Rxb1 53. Kf7 Rb7+ 54. Kg8 Ke6 55. Kh8 Bxf6+ 0-1

[Event "Sparkassen-Open A"]
[Site "Heusenstamm, Martinsee"]
[Date "2024.11.23"]
[Round "5.61"]
[White "von Auer, Ulrich"]
[Black "Schramm, Luca"]
[Result "0-1"]
[WhiteElo "2007"]
[BlackElo "1892"]
[PlyCount "66"]
[EventDate "2024.11.21"]
[WhiteTeam "SV Oberursel"]
[BlackTeam "SC Einrich e.V."]

1. d4 Nf6 2. c4 e6 3. Nc3 Bb4 4. e3 b6 5. Nge2 Bb7 6. a3 Be7 7. d5 exd5 8. cxd5 O-O 9. Ng3 Re8 10. Be2 Bd6 11. O-O c6 12. Bf3 Qc7 13. e4 Be5 14. Bg5 d6 15. Rc1 c5 16. Re1 a6 17. a4 Nbd7 18. Nf5 h6 19. Bd2 Nf8 20. g4 Ng6 21. g5 hxg5 22. Bxg5 Nh7 23. Be3 Nf4 24. Qd2 Ng5 25. Bh1 Ngh3+ 26. Kf1 g6 27. Nh6+ Kh7 28. Ng4 Qe7 29. Bg2 Qh4 30. Nxe5 Rxe5 31. Ne2 Nxg2 32. f4 Nxe3+ 33. Qxe3 Rxe4 0-1

[Event "Sparkassen-Open A"]
[Site "Heusenstamm, Martinsee"]
[Date "2024.11.23"]
[Round "5.62"]
[White "Vihan, Shourya"]
[Black "Heyartz, Wolfgang"]
[Result "1-0"]
[WhiteElo "2007"]
[BlackElo "1890"]
[PlyCount "61"]
[EventDate "2024.11.21"]
[WhiteTeam "SV 1920 Hofheim"]
[BlackTeam "SU Ebersberg-Grafing"]

1. d4 d5 2. c4 e6 3. Nc3 Nf6 4. cxd5 exd5 5. Bg5 Be7 6. e3 c6 7. Bd3 Ne4 8. Bxe7 Qxe7 9. Qc2 Nxc3 10. Qxc3 Qg5 11. g3 Bf5 12. Ne2 Bxd3 13. Qxd3 Nd7 14. Rc1 Qe7 15. Nc3 Nb6 16. b3 Nc8 17. O-O Nd6 18. Rce1 f5 19. f3 O-O 20. e4 fxe4 21. fxe4 Rxf1+ 22. Qxf1 dxe4 23. Qf4 Rf8 24. Qe5 Qf7 25. Nxe4 Nxe4 26. Qxe4 Qf2+ 27. Kh1 Qxa2 28. Qe6+ Kh8 29. Qf7 Qa3 30. Re8 Qc1+ 31. Kg2 1-0

[Event "Sparkassen-Open A"]
[Site "Heusenstamm, Martinsee"]
[Date "2024.11.23"]
[Round "5.63"]
[White "Aravindan, Midhulan"]
[Black "Müller, Maximilian"]
[Result "1-0"]
[WhiteElo "1870"]
[BlackElo "2005"]
[PlyCount "103"]
[EventDate "2024.11.21"]
[WhiteTeam "Schachgemeinschaft Porz e. V."]
[BlackTeam "SVG Saarbrücken 1970 e.V."]

1. e4 e6 2. d4 d5 3. exd5 exd5 4. Bd3 Nc6 5. Ne2 Bd6 6. Nbc3 Nge7 7. Be3 Nb4 8. a3 Nxd3+ 9. Qxd3 Bf5 10. Qd2 Qd7 11. f3 b5 12. Bf4 c6 13. Bxd6 Qxd6 14. Kf2 O-O 15. h4 Bd7 16. Qf4 Nf5 17. Rad1 Rfe8 18. g4 Qxf4 19. Nxf4 Ne3 20. Rc1 Nc4 21. Rb1 a5 22. Nd3 Re7 23. Rhe1 Rae8 24. Rxe7 Rxe7 25. Re1 Rxe1 26. Kxe1 h5 27. a4 b4 28. Nd1 hxg4 29. fxg4 Bxg4 30. b3 Bxd1 31. Kxd1 Ne3+ 32. Kd2 Nf5 33. c3 bxc3+ 34. Kxc3 Nd6 35. Ne5 f5 36. Nxc6 f4 37. Ne7+ Kf7 38. Nxd5 f3 39. Kd3 Nf5 40. b4 Ke6 41. Nf4+ Kd6 42. bxa5 Nxh4 43. Nh3 g5 44. Nxg5 f2 45. Ne4+ Kc6 46. Nxf2 Kb7 47. Kc4 Ka6 48. Kb4 Nf5 49. d5 Nd6 50. Nd3 Nf5 51. Nc5+ Ka7 52. Ne4 1-0

[Event "Sparkassen-Open A"]
[Site "Heusenstamm, Martinsee"]
[Date "2024.11.23"]
[Round "5.64"]
[White "Müller, Mark"]
[Black "Fischermann, Simon"]
[Result "1/2-1/2"]
[WhiteElo "2000"]
[BlackElo "1885"]
[PlyCount "25"]
[EventDate "2024.11.21"]
[WhiteTeam "SC Königsflügel Lindenholzhausen"]
[BlackTeam "SG Porz e. V."]

1. e4 e5 2. Nf3 Nc6 3. Bc4 Nf6 4. d3 Bc5 5. O-O O-O 6. c3 d6 7. a4 a5 8. Na3 Bb6 9. Bb3 Re8 10. Ng5 Rf8 11. Nf3 Re8 12. Ng5 Rf8 13. Nf3 1/2-1/2

[Event "Sparkassen-Open A"]
[Site "Heusenstamm, Martinsee"]
[Date "2024.11.23"]
[Round "5.65"]
[White "Koholka, Jan"]
[Black "Neurohr, Jürgen"]
[Result "1/2-1/2"]
[WhiteElo "1865"]
[BlackElo "1999"]
[PlyCount "55"]
[EventDate "2024.11.21"]
[WhiteTeam "SK Langen"]
[BlackTeam "Sfr.Mainz 1928"]

1. e4 e5 2. Nf3 Nc6 3. Bb5 a6 4. Ba4 Nf6 5. O-O Be7 6. d3 b5 7. Bb3 d6 8. c3 O-O 9. Re1 Na5 10. Bc2 c5 11. d4 cxd4 12. cxd4 Bg4 13. d5 Qc7 14. Bd3 Rfc8 15. Nbd2 Nb7 16. h3 Nc5 17. Bc2 Bd7 18. Nf1 Na4 19. Bd3 Nc5 20. Bc2 Na4 21. Bd3 Nc5 22. Bc2 Na4 23. Bb3 Nc5 24. Bc2 Na4 25. Bb3 Nc5 26. Bc2 Na4 27. Bb3 Nc5 28. Bc2 1/2-1/2

[Event "Sparkassen-Open A"]
[Site "Heusenstamm, Martinsee"]
[Date "2024.11.23"]
[Round "5.66"]
[White "Jansen, Malte"]
[Black "Tornay Gomez, Josu"]
[Result "0-1"]
[WhiteElo "1863"]
[BlackElo "1993"]
[PlyCount "56"]
[EventDate "2024.11.21"]
[WhiteTeam "SJ Herborn 1998"]
[BlackTeam "SJ Herborn 1998"]

1. e4 e5 2. Nf3 Nc6 3. Bc4 Bc5 4. c3 Nf6 5. d4 exd4 6. e5 d5 7. Bb5 Ne4 8. cxd4 Bb6 9. Nc3 Bg4 10. Qd3 Bf5 11. Qe2 O-O 12. Bxc6 bxc6 13. O-O f6 14. Na4 Bg4 15. Nxb6 axb6 16. Qc2 Rc8 17. Nd2 Bf5 18. Nxe4 Bxe4 19. Qb3 fxe5 20. dxe5 Qe8 21. f3 Bf5 22. f4 Qh5 23. h3 Be4 24. Bd2 Rce8 25. Qc3 Re6 26. Rac1 Rg6 27. g4 Qh4 28. Be1 Rxg4+ 0-1

[Event "Sparkassen-Open A"]
[Site "Heusenstamm, Martinsee"]
[Date "2024.11.23"]
[Round "5.67"]
[White "Ahrends, Norbert"]
[Black "Alt, Johannes"]
[Result "1-0"]
[WhiteElo "1979"]
[BlackElo "1856"]
[PlyCount "63"]
[EventDate "2024.11.21"]
[WhiteTeam "SK 1980 Gernsheim"]
[BlackTeam "Sfr.Heidesheim"]

1. d4 Nf6 2. c4 g6 3. f3 Bg7 4. e4 d6 5. Nc3 O-O 6. Be3 e5 7. d5 Ne8 8. g4 f5 9. gxf5 gxf5 10. Qd2 fxe4 11. Nxe4 Nf6 12. O-O-O Bf5 13. Bd3 Nbd7 14. Ng5 Bxd3 15. Ne6 Qe7 16. Qxd3 Rf7 17. Nh3 Nc5 18. Nxc5 dxc5 19. Ng5 b6 20. Rhg1 Rc8 21. Nxf7 Kxf7 22. Qf5 e4 23. f4 Qd6 24. Rd2 Bh6 25. Rg3 Rg8 26. Rdg2 Rxg3 27. hxg3 Qd7 28. Qe5 Qg4 29. Qe6+ Qxe6 30. dxe6+ Kxe6 31. f5+ Kxf5 32. Bxh6 1-0

[Event "Sparkassen-Open A"]
[Site "Heusenstamm, Martinsee"]
[Date "2024.11.23"]
[Round "5.68"]
[White "Köhlich, Viktor"]
[Black "Werner, Florin"]
[Result "0-1"]
[WhiteElo "1816"]
[BlackElo "1963"]
[PlyCount "64"]
[EventDate "2024.11.21"]
[WhiteTeam "SC Matt im Park Ffm"]
[BlackTeam "VSG 1880 Offenbach"]

1. d4 d5 2. Nf3 Nf6 3. c3 e6 4. Bf4 c5 5. e3 Nc6 6. Bd3 Bd6 7. Bg3 O-O 8. Nbd2 Re8 9. Ne5 Qc7 10. f4 a6 11. Bh4 Be7 12. g4 cxd4 13. exd4 Ne4 14. g5 Nxd2 15. Bxh7+ Kf8 16. Kxd2 Nxe5 17. fxe5 g6 18. Qf3 Kg7 19. Raf1 Bd8 20. Qh3 Rh8 21. Bxg6 Bxg5+ 22. Bxg5 Rxh3 23. Bf6+ Kxg6 24. Rhg1+ Kh6 25. Bg5+ Kh7 26. Bf6 Rxh2+ 27. Kc1 Qc4 28. Rg7+ Kh6 29. Rfg1 Qe2 30. Bg5+ Kxg7 31. Bf4+ Kh7 32. Bxh2 Qxh2 0-1

[Event "Sparkassen-Open A"]
[Site "Heusenstamm, Martinsee"]
[Date "2024.11.23"]
[Round "5.69"]
[White "Behr, Julian"]
[Black "Bezsonna, Polina"]
[Result "0-1"]
[WhiteElo "1803"]
[BlackElo "1949"]
[PlyCount "88"]
[EventDate "2024.11.21"]
[WhiteTeam "Sfr.Mainz 1928"]
[BlackTeam "SK Bad Homburg 1927"]

1. e4 c5 2. Nf3 Nc6 3. d4 cxd4 4. Nxd4 g6 5. c4 Nf6 6. Nc3 d6 7. Be2 Nxd4 8. Qxd4 Bg7 9. O-O O-O 10. Qd3 b6 11. f4 Bb7 12. Bf3 Qc7 13. Be3 Nd7 14. Nb5 Qc8 15. Nd4 Nc5 16. Qc2 Ne6 17. Qd3 Bxd4 18. Bxd4 Nxf4 19. Qc2 Ne6 20. Be3 Ng7 21. Bh6 Qc5+ 22. Kh1 Qe5 23. Rae1 Rac8 24. b3 b5 25. Bg4 Rc7 26. Bf4 Qc5 27. Be3 Qb4 28. Bd2 Qa3 29. Re3 bxc4 30. bxc4 Qc5 31. Rc3 Qd4 32. Bf3 Rfc8 33. Be3 Qe5 34. Bg4 Rf8 35. Bf3 Rfc8 36. Bg4 Bxe4 37. Qb2 f5 38. Be2 Rb7 39. Qd2 Ne6 40. Ra3 Rb2 41. Qd1 Rcb8 42. Rb3 R8xb3 43. axb3 Bxg2+ 44. Kxg2 Qxe3 0-1

[Event "Sparkassen-Open A"]
[Site "Heusenstamm, Martinsee"]
[Date "2024.11.23"]
[Round "5.70"]
[White "Wang, Simon"]
[Black "Bauer, Laura Sophie"]
[Result "1/2-1/2"]
[WhiteElo "1749"]
[BlackElo "1927"]
[PlyCount "50"]
[EventDate "2024.11.21"]
[WhiteTeam "SF Dachau 1932 e.V."]
[BlackTeam "SK Kelheim 1920"]

1. c4 e6 2. g3 Nf6 3. Bg2 d5 4. Nf3 Be7 5. O-O O-O 6. b3 c6 7. Bb2 Nbd7 8. d4 b6 9. Nbd2 Bb7 10. Kh1 Rc8 11. Rc1 c5 12. e3 Rc7 13. Ne5 Qa8 14. Nxd7 Rxd7 15. Kg1 Rc8 16. Qe2 Rdc7 17. dxc5 bxc5 18. Rfd1 Rd7 19. Nf3 dxc4 20. Rxd7 Nxd7 21. bxc4 Bf6 22. Ne1 Bxg2 23. Nxg2 Bxb2 24. Qxb2 Rb8 25. Qc3 Qb7 1/2-1/2

[Event "Sparkassen-Open A"]
[Site "Heusenstamm, Martinsee"]
[Date "2024.11.23"]
[Round "5.71"]
[White "Noll, Raphael"]
[Black "Eggenstein, Frank"]
[Result "0-1"]
[WhiteElo "1748"]
[BlackElo "1945"]
[PlyCount "56"]
[EventDate "2024.11.21"]
[WhiteTeam "SK Marburg 1931/72"]
[BlackTeam "Schachverein Datteln 1924"]

1. e4 e6 2. d4 d5 3. Nc3 Nf6 4. e5 Nfd7 5. Nge2 c5 6. Bf4 a6 7. Bg3 Nc6 8. f4 b5 9. a3 Be7 10. Bf2 O-O 11. g3 b4 12. axb4 cxb4 13. Nb1 Nb6 14. c3 a5 15. b3 Ba6 16. cxb4 Bxb4+ 17. Nec3 Bxf1 18. Kxf1 Qb8 19. Kg2 Rc8 20. Na4 Nxa4 21. bxa4 Ra7 22. Na3 Bxa3 23. Rxa3 Nb4 24. Qb1 Rac7 25. Be3 Rc2+ 26. Kf3 Qc7 27. Ra1 Qc3 28. f5 Qd3 0-1

[Event "Sparkassen-Open A"]
[Site "Heusenstamm, Martinsee"]
[Date "2024.11.23"]
[Round "5.72"]
[White "Sreeramulu, Aarush"]
[Black "Falkenhainer, Sven"]
[Result "1-0"]
[WhiteElo "1942"]
[BlackElo "1830"]
[PlyCount "139"]
[EventDate "2024.11.21"]
[WhiteTeam "SK Marburg 1931/72"]
[BlackTeam "SC Bergen-Enkheim 1922"]

1. d4 e6 2. c4 d5 3. Nc3 Nf6 4. cxd5 exd5 5. Bg5 Be7 6. e3 O-O 7. Bd3 c6 8. Qc2 g6 9. Nf3 Nh5 10. Bxe7 Qxe7 11. O-O Ng7 12. Rab1 Bf5 13. b4 Bxd3 14. Qxd3 a6 15. a4 b5 16. Rfc1 Nd7 17. a5 Nf5 18. e4 dxe4 19. Nxe4 Nd6 20. Nxd6 Qxd6 21. Qc3 Rac8 22. Ne5 Nf6 23. Qc5 Rfd8 24. Nxc6 Kg7 25. Qb6 Rd7 26. Ne5 Rxc1+ 27. Rxc1 Nd5 28. Qxd6 Rxd6 29. Nd3 Kf6 30. f3 h5 31. Kf2 g5 32. Nc5 Kg6 33. Ne4 Nxb4 34. Nxd6 Nd3+ 35. Ke3 Nxc1 36. Nxb5 Nb3 37. Nc7 Nxa5 38. Nxa6 Kf5 39. Nb4 Nc4+ 40. Kd3 Nd6 41. Nc6 f6 42. d5 g4 43. fxg4+ Kxg4 44. Nd4 h4 45. Ne2 h3 46. g3 Kf3 47. Nf4 Kg4 48. Ke3 Nf5+ 49. Kf2 Nd6 50. Kg1 Ne4 51. Nd3 Kf5 52. Nf4 Ke5 53. Nxh3 Kxd5 54. Kg2 Ke5 55. Nf2 Ng5 56. Nd3+ Kf5 57. Nf4 Nh7 58. h4 Kg4 59. Nd5 Kf5 60. Kf3 Ke5 61. Nf4 Kf5 62. g4+ Ke5 63. Ng6+ Kd5 64. Kf4 Ke6 65. Ke4 Kf7 66. Kf5 Kg7 67. Nf4 Kf7 68. Ne6 Kg8 69. Kg6 Kh8 70. Kf7 1-0

[Event "Sparkassen-Open A"]
[Site "Heusenstamm, Martinsee"]
[Date "2024.11.23"]
[Round "5.73"]
[White "Zimmer, Gerald"]
[Black "Shah, Shrey"]
[Result "1-0"]
[WhiteElo "1942"]
[BlackElo "1753"]
[PlyCount "99"]
[EventDate "2024.11.21"]
[WhiteTeam "SC Bergen-Enkheim 1922"]
[BlackTeam "Amstelveen"]

1. d4 d5 2. c4 c6 3. Nc3 Nf6 4. Nf3 dxc4 5. e3 b5 6. Qc2 e6 7. a4 b4 8. Ne4 Be7 9. Bxc4 a5 10. O-O Nbd7 11. b3 Bb7 12. Nxf6+ Nxf6 13. Bb2 O-O 14. Rfd1 h6 15. Rac1 Rc8 16. Ne5 Qb6 17. Qe2 Rfd8 18. h3 Nd7 19. Nd3 Ba6 20. Qg4 Bf8 21. Nf4 Nf6 22. Qf3 c5 23. Bxa6 Qxa6 24. dxc5 Rxd1+ 25. Qxd1 Rxc5 26. Rxc5 Bxc5 27. Qd8+ Bf8 28. Bxf6 gxf6 29. Qxf6 Qd6 30. Qd4 Qc7 31. Nh5 e5 32. Nf6+ Kg7 33. Ne8+ Kh8 34. Nxc7 exd4 35. exd4 Kg7 36. Kf1 Kf6 37. Ke2 Ke7 38. Kd3 Kd6 39. Nb5+ Kd5 40. g4 Be7 41. Nc7+ Kc6 42. Ne8 Kd5 43. Ng7 Bg5 44. Nf5 Bf4 45. Ne3+ Kd6 46. Nc4+ Kd5 47. Nxa5 Bb8 48. Nc4 Ba7 49. Ne3+ Kd6 50. Kc4 1-0

[Event "Sparkassen-Open A"]
[Site "Heusenstamm, Martinsee"]
[Date "2024.11.23"]
[Round "5.74"]
[White "Kirchmann, Sascha"]
[Black "Windmüller, Simon"]
[Result "1/2-1/2"]
[WhiteElo "1850"]
[BlackElo "2108"]
[PlyCount "42"]
[EventDate "2024.11.21"]
[WhiteTeam "SAbt SU Mühlheim"]
[BlackTeam "SC Turm Illingen"]

1. e4 c6 2. d4 d5 3. e5 c5 4. dxc5 e6 5. Nf3 Bxc5 6. a3 Nd7 7. b4 Be7 8. Bb2 f6 9. Bd3 Nh6 10. Nbd2 Nf7 11. exf6 Bxf6 12. Bxf6 Nxf6 13. c4 O-O 14. O-O Re8 15. Re1 d4 16. Qc2 e5 17. Ne4 h6 18. Nxf6+ Qxf6 19. Nxd4 Bg4 20. Nb5 Ng5 21. Be4 Qb6 1/2-1/2

[Event "Sparkassen-Open A"]
[Site "Heusenstamm, Martinsee"]
[Date "2024.11.23"]
[Round "5.75"]
[White "Zekovic, Alija"]
[Black "Maul, Kilian"]
[Result "1-0"]
[WhiteElo "2069"]
[BlackElo "1849"]
[PlyCount "65"]
[EventDate "2024.11.21"]
[WhiteTeam "Dietzenbach"]
[BlackTeam "SV Oberursel"]

1. e4 c6 2. d4 d5 3. e5 c5 4. c3 cxd4 5. cxd4 Nc6 6. Nc3 Bf5 7. Bd3 Bxd3 8. Qxd3 e6 9. a3 Nge7 10. Bg5 Qb6 11. Nge2 Nf5 12. b4 h6 13. Bd2 Be7 14. Nxd5 exd5 15. Qxf5 O-O 16. Qg4 Kh8 17. O-O f5 18. exf6 Bxf6 19. Nf4 Bxd4 20. Ng6+ Kh7 21. Nxf8+ Rxf8 22. Rad1 Bxf2+ 23. Kh1 Rf6 24. Bc3 d4 25. Qe4+ Kg8 26. Be1 Bxe1 27. Rxf6 gxf6 28. Qg6+ Kh8 29. Qxh6+ Kg8 30. Qg6+ Kh8 31. Qxf6+ Kg8 32. Rxe1 d3 33. Qg6+ 1-0

[Event "Sparkassen-Open A"]
[Site "Heusenstamm, Martinsee"]
[Date "2024.11.23"]
[Round "5.76"]
[White "Schulze, Fabian"]
[Black "Junker, Christian"]
[Result "0-1"]
[WhiteElo "1828"]
[BlackElo "2023"]
[PlyCount "148"]
[EventDate "2024.11.21"]
[WhiteTeam "SC Steinbach"]
[BlackTeam "SV 1926 Neu-Isenburg"]

1. d4 d6 2. c3 g6 3. g3 Bg7 4. Bg2 Nd7 5. Nf3 Ngf6 6. O-O O-O 7. Re1 e5 8. dxe5 dxe5 9. e4 Re8 10. Nbd2 b6 11. b4 Bb7 12. Bb2 Qe7 13. Qb3 a5 14. a3 a4 15. Qc2 Rec8 16. c4 c6 17. Bh3 Rd8 18. Rad1 h5 19. Bg2 Nh7 20. h4 Nhf6 21. Ng5 Bh6 22. Ndf3 Ng4 23. Nh3 Bf8 24. Nhg5 f6 25. Nh3 Qe6 26. Nh2 Kh7 27. f3 Nh6 28. Rd2 Nf7 29. Red1 Ba6 30. Nf2 Bc8 31. Bh3 Qe8 32. Rd3 Be7 33. Qd2 Nf8 34. Rxd8 Qxd8 35. Qxd8 Nxd8 36. Bg2 Nde6 37. Nf1 Kg7 38. Ne3 Kf7 39. Nd3 Ba6 40. Ne1 Nc7 41. Bf1 Bc8 42. Bd3 Be6 43. Kf2 Ne8 44. N1c2 Nd6 45. Kg2 Nd7 46. Bc3 Rc8 47. Rf1 Rf8 48. Bb2 Ke8 49. Re1 f5 50. exf5 gxf5 51. Bc3 Rg8 52. Kf2 f4 53. Ng2 fxg3+ 54. Kg1 Bxc4 55. Bh7 Rg7 56. Be4 Nxe4 57. fxe4 Bd3 58. Nce3 Bxe4 59. Nc4 Bxg2 60. Kxg2 Rg4 61. Nxe5 Nxe5 62. Bxe5 Kd7 63. Rd1+ Ke6 64. Re1 Kd7 65. Rd1+ Kc8 66. Bd4 c5 67. bxc5 bxc5 68. Bxc5 Bxh4 69. Bd6 Bf6 70. Rd5 h4 71. Rf5 Bb2 72. Rh5 Kd7 73. Bc5 Rc4 74. Rd5+ Kc6 0-1

[Event "Sparkassen-Open A"]
[Site "Heusenstamm, Martinsee"]
[Date "2024.11.23"]
[Round "5.77"]
[White "Nickel, Jonas"]
[Black "Ziska, Stephan"]
[Result "1-0"]
[WhiteElo "1950"]
[BlackElo "1834"]
[PlyCount "75"]
[EventDate "2024.11.21"]
[WhiteTeam "Schachdrachen Büdingen-Wächtersb"]
[BlackTeam "SF Bürstadt"]

1. e4 c5 2. Nf3 a6 3. d4 cxd4 4. Nxd4 Nf6 5. Nc3 e5 6. Nf3 Nc6 7. a3 Bc5 8. Bd3 d6 9. Bg5 h6 10. Bxf6 gxf6 11. Nd5 Rg8 12. g3 Bg4 13. h3 Be6 14. Bc4 f5 15. exf5 Bxf5 16. Nh4 Be4 17. Rf1 Nd4 18. Rc1 b5 19. Ba2 Rc8 20. c3 Ne6 21. Qe2 Qg5 22. Rd1 Bh7 23. Nf3 Qg7 24. a4 e4 25. Nd2 Qe5 26. axb5 axb5 27. Qxb5+ Kf8 28. Nc4 Qg5 29. h4 Bxf2+ 30. Rxf2 Qxg3 31. Qd7 Qg1+ 32. Ke2 Qg4+ 33. Kd2 Nd8 34. Qxd6+ Kg7 35. Qf6+ Kf8 36. Qxh6+ Rg7 37. Qd6+ Kg8 38. Nf6+ 1-0

[Event "Sparkassen-Open A"]
[Site "Heusenstamm, Martinsee"]
[Date "2024.11.23"]
[Round "5.78"]
[White "Stuhlmann, Florian"]
[Black "Raumanns, Niklas"]
[Result "0-1"]
[WhiteElo "1947"]
[BlackElo "1844"]
[PlyCount "72"]
[EventDate "2024.11.21"]
[WhiteTeam "SC Königsflügel Lindenholzhausen"]
[BlackTeam "SC Bergen-Enkheim 1922"]

1. d4 Nf6 2. c4 e5 3. dxe5 Ng4 4. Bf4 Bb4+ 5. Nd2 Nc6 6. Ngf3 Qe7 7. e3 Ngxe5 8. Nxe5 Nxe5 9. Be2 O-O 10. O-O d6 11. Nb3 Bf5 12. Nd4 Bg6 13. a3 Bc5 14. Nb5 c6 15. Nc3 a6 16. Qd2 Rad8 17. Rfd1 Rfe8 18. b3 h6 19. Na4 Ba7 20. Qc3 Qf6 21. Rac1 Be4 22. Bxe5 Rxe5 23. Bd3 Bxg2 24. Kxg2 Rg5+ 25. Kf1 Qf3 26. Ke1 Rg1+ 27. Bf1 Re8 28. c5 d5 29. Qd3 Bb8 30. Qe2 Qf6 31. h3 Be5 32. b4 Re7 33. Kd2 Qf5 34. Nb6 Bb2 35. Nc8 Bxc1+ 36. Rxc1 Qxc8 0-1